UNDERSTANDING MEDICAL PHYSIOLOGY (Record no. 1377)

MARC details
000 -LEADER
fixed length control field 00349nam a2200145Ia 4500
008 - FIXED-LENGTH DATA ELEMENTS--GENERAL INFORMATION
fixed length control field 150201s2011 xx 000 0 und d
082 ## - DEWEY DECIMAL CLASSIFICATION NUMBER
Classification number 612
Item number U11B
100 ## - MAIN ENTRY--PERSONAL NAME
Personal name BIJLANI, R.L.
245 ## - TITLE STATEMENT
Title UNDERSTANDING MEDICAL PHYSIOLOGY
250 ## - EDITION STATEMENT
Edition statement 4TH
260 ## - PUBLICATION, DISTRIBUTION, ETC. (IMPRINT)
Name of publisher, distributor, etc. JAYPEE
Place of publication, distribution, etc. DELHI
Date of publication, distribution, etc. 2011
300 ## - PHYSICAL DESCRIPTION
Extent 1-810
650 ## - SUBJECT ADDED ENTRY--TOPICAL TERM
Topical term or geographic name as entry element HUMAN PHYSIOLOGY
942 ## - ADDED ENTRY ELEMENTS (KOHA)
Source of classification or shelving scheme Dewey Decimal Classification
Koha item type Books
Koha issues (borrowed), all copies 5
Holdings
Withdrawn status Lost status Source of classification or shelving scheme Damaged status Not for loan Collection code Home library Current library Shelving location Date acquired Source of acquisition Cost, normal purchase price SGTU Bill Number Total Checkouts Full call number Barcode Date last seen Bill Date Koha item type Date last checked out
    Dewey Decimal Classification     MEDICAL SGT Medical Library SGT Medical Library Text Book 13/10/2012 ABC DELHI 1095.00 SGTU 2832   612 U11B FM5026 09/02/2015 03/11/2012 Books  
    Dewey Decimal Classification     MEDICAL SGT Medical Library SGT Medical Library Text Book 13/10/2012 ABC DELHI 1095.00 SGTU 2832 3 612 U11B FM5027 26/04/2025 03/11/2012 Books 17/04/2025
    Dewey Decimal Classification     MEDICAL SGT Medical Library SGT Medical Library Text Book 13/10/2012 ABC DELHI 1095.00 SGTU 2832   612 U11B FM5028 09/02/2015 03/11/2012 Books  
    Dewey Decimal Classification     MEDICAL SGT Medical Library SGT Medical Library Text Book 24/01/2013 ABC DELHI 1095.00 SGTU 3109 3 612 U11B FM5246 27/02/2023 05/02/2013 Books 20/02/2023
    Dewey Decimal Classification     MEDICAL SGT Medical Library SGT Medical Library Text Book 24/01/2013 ABC DELHI 1095.00 SGTU 3109   612 U11B FM5247 09/02/2015 05/02/2013 Books